00815 2200289 4500001002100000005001500021035002000036007000300056040001700059100003200076245008900108250001200197300003900209041000800248082001200256084001800268090002100286264003700307336002100344337003000365338002300395650001000418850001000428008004100438504002400479990002200503INLIS00000000000863520260518013421 a0010-1022000010ta aSBPUPADbind aHeriyanto AtmojoePengarang1 aBatik Tulis Tradisional Kauman Solo :bPesona Budaya Nan Eksotik /cHeriyanto Atmojo a.-Cet.1 a112 hlm :bilus. ;c21,5 x 30,5 cm aind a746.662 a746.662 HER b a813 BAG m L24-12 a.--Solo :bTiga Serangkai,c2008 2rdacontentateks 2rdamediaatanpa perantara 2rdacarrieravolume 4aBatik aPUPAD260518 0  aBibliografi,hlm 112 a23.725/H/DPK/2017